"Somewhere Over The Rainbow" Wizard Of Oz lyrics quiz - Statistics

General Stats
  • This quiz has been taken 377 times
    59 since last reset
  • The average score is 14 of 19
Answer Stats
Hint Answer % Correct
Somewhere over the _______ rainbow
100%
________ over the rainbow Somewhere
98%
Way __ ___ up high
91%
Once in a _______ lullaby
87%
________ fly bluebirds
78%
Where troubles melt like ______ ____ lemon drops
78%
______ ___ blue skies are
78%
Are far _______ __ behind me
75%
____ _? Can't I
75%
Way above the _______ ____ chimney tops
75%
There's a ____ that I've heard of land
75%
__________ ____ __ _______ Somewhere over the rainbow
73%
That's where _____ ____ __ you'll find me
73%
Why then __ ____ oh why
67%
______ __ come true really do
67%
And ____ __ where the clouds wake up
65%
Some day I'll ___ ___ _ ____ wish upon a star
65%
And the dreams that you ____ __ ____ dare to dream
60%
____ ___ over the rainbow birds fly
55%
No matching quizzes found
Score Distribution
Percent of People with Each Score
Percentile by Number Answered
Your Score History
You have not taken this quiz since the last reset